Voda verzus potraviny
Globálny dostatok vody a potravín neznamená dostatok vody a potravín pre jednotlivcov. Koľko vody a potravín potrebujeme. Voda potrebná pre zavlažovanie. Zdroje vody. Budúce nároky na potraviny a vodu. Scenáre využitia pôdy a vody.
Gespeichert in:
| 1. Verfasser: | |
|---|---|
| Weitere Verfasser: | , |
| Format: | Buchkapitel |
| Sprache: | Slowakisch |
| Schlagworte: | |
| Tags: |
Keine Tags, Fügen Sie das erste Tag hinzu!
|
MARC
| LEADER | 00000naa a2200000 4500 | ||
|---|---|---|---|
| 001 | 0152078 | ||
| 005 | 20231208124013.6 | ||
| 041 | 0 | |a slo | |
| 044 | |a SK | ||
| 245 | 1 | 0 | |a Voda verzus potraviny |c Ivona Škultétyová, Štefan Stanko, Jozef Kriš |
| 520 | |a Globálny dostatok vody a potravín neznamená dostatok vody a potravín pre jednotlivcov. Koľko vody a potravín potrebujeme. Voda potrebná pre zavlažovanie. Zdroje vody. Budúce nároky na potraviny a vodu. Scenáre využitia pôdy a vody. | ||
| 610 | 2 | 0 | |a potraviny |
| 610 | 2 | 0 | |a voda |
| 610 | 2 | 0 | |a zdroje vodné |
| 610 | 2 | 0 | |a spotreba vody |
| 610 | 2 | 0 | |a zavlažovanie |
| 610 | 2 | 0 | |a využitie pôdy |
| 100 | 1 | |a Škultétyová, Ivona | |
| 700 | 1 | |a Stanko, Štefan | |
| 700 | 1 | |a Kriš, Jozef | |